[Event "Manhem Chessweek IM"]
[Site "Biblioteksgatan 2, Mölnlycke"]
[Date "2015.08.12"]
[Round "7.9"]
[White "Antonsen, Mikkel"]
[Black "Berggren Torell, Harald"]
[Result "1-0"]
[WhiteElo "2475"]
[BlackElo "2176"]
[PlyCount "65"]
[EventDate "2015.08.08"]

1. d4 Nf6 2. Nf3 g6 3. c4 Bg7 4. Nc3 O-O 5. e4 d6 6. h3 e5 7. d5 Nbd7 8. Be3 a5
9. g4 Nc5 10. Nd2 Bd7 11. Be2 Ne8 12. h4 f5 13. g5 f4 14. Bxc5 dxc5 15. Bg4 Nd6
16. Bxd7 Qxd7 17. Qf3 a4 18. a3 Rfb8 19. O-O-O Ra5 20. Qd3 Bf8 21. Kb1 b5 22.
cxb5 c4 23. Nxc4 Raxb5 24. Rd2 Rb3 25. Ka2 Rxc3 26. bxc3 Rb3 27. Rb1 Nxc4 28.
Qxc4 Rxa3+ 29. Kb2 Bd6 30. Kc2 Qg4 31. Rb8+ Kg7 32. Rb7 Qc8 33. Ra7 1-0

[Event "Manhem Chessweek IM"]
[Site "Biblioteksgatan 2, Mölnlycke"]
[Date "2015.08.13"]
[Round "8.7"]
[White "Braun, Christian"]
[Black "Rydström, Tom"]
[Result "1/2-1/2"]
[WhiteElo "2420"]
[BlackElo "2380"]
[PlyCount "101"]
[EventDate "2015.08.08"]

1. e4 e5 2. Nf3 Nc6 3. Bb5 Nf6 4. d3 d6 5. O-O Be7 6. a3 O-O 7. h3 a6 8. Ba4 b5
9. Bb3 Be6 10. Bxe6 fxe6 11. Nc3 h6 12. a4 b4 13. Ne2 Qe8 14. Ng3 Nh5 15. Nxh5
Qxh5 16. Be3 Rf6 17. Nd2 Qf7 18. Nb3 d5 19. d4 dxe4 20. Qg4 exd4 21. Bxd4 Rf4
22. Qe2 Nxd4 23. Nxd4 Bc5 24. Qc4 Bxd4 25. Qxd4 Rf8 26. Rae1 Qf5 27. Re2 c5 28.
Qe3 Rf6 29. Rd1 Rg6 30. Rd8+ Kh7 31. Rc8 Qg5 32. g3 Qf5 33. Rxc5 e5 34. Rc4
Qxh3 35. Rxe4 Rff6 36. Rxe5 Rxg3+ 37. Qxg3 Rg6 38. Qxg6+ Kxg6 39. R2e3 Qd7 40.
b3 Kf6 41. Rc5 g5 42. Rd3 Qe6 43. Rc4 Kg6 44. c3 bxc3 45. Rdxc3 Kh5 46. Rc6
Qe1+ 47. Kg2 Qe4+ 48. Kh2 Qf4+ 49. Kg1 Qg4+ 50. Kh2 Qf4+ 51. Kg1 1/2-1/2

[Event "Manhem Chessweek IM"]
[Site "Biblioteksgatan 2, Mölnlycke"]
[Date "2015.08.13"]
[Round "8.8"]
[White "Haubro, Martin"]
[Black "Lindgren, Philip"]
[Result "1/2-1/2"]
[WhiteElo "2369"]
[BlackElo "2401"]
[PlyCount "28"]
[EventDate "2015.08.08"]

1. e4 c6 2. d4 d5 3. Nc3 dxe4 4. Nxe4 Bf5 5. Ng3 Bg6 6. Nf3 Nd7 7. Be2 e6 8.
O-O Ngf6 9. b3 Be7 10. Bb2 h6 11. c4 O-O 12. Qc1 Re8 13. Rd1 Qc7 14. Qe3 Ng4
1/2-1/2

[Event "Manhem Chessweek IM"]
[Site "Biblioteksgatan 2, Mölnlycke"]
[Date "2015.08.14"]
[Round "9.6"]
[White "Rydström, Tom"]
[Black "Al-Hadarani, Hatim"]
[Result "0-1"]
[WhiteElo "2380"]
[BlackElo "2254"]
[PlyCount "104"]
[EventDate "2015.08.08"]

1. e4 Nc6 2. Nc3 e5 3. Nf3 Nf6 4. Be2 Bb4 5. Nd5 Ba5 6. Nxf6+ Qxf6 7. O-O d6 8.
c3 Qg6 9. d3 O-O 10. Be3 Bb6 11. Qd2 h6 12. Nh4 Qf6 13. g3 Bh3 14. Ng2 Rad8 15.
f4 Qe7 16. Rae1 d5 17. exd5 Rxd5 18. Bf3 Rd7 19. Bxb6 axb6 20. Bxc6 bxc6 21.
fxe5 Rfd8 22. Rf3 Qc5+ 23. d4 Qd5 24. Qf2 Qxa2 25. Nf4 Bg4 26. Rd3 Qc4 27. Rd2
Be6 28. Nh5 c5 29. Re4 cxd4 30. Rh4 Qa2 31. cxd4 Qb1+ 32. Kg2 Bd5+ 33. Kh3 Be6+
34. g4 c5 35. Nxg7 Rxd4 36. Rxd4 Rxd4 37. Nxe6 Rd3+ 38. Kg2 Qd1 39. Nf4 Rd2 40.
h3 Qe1 41. Qxd2 Qxd2+ 42. Kf3 Qxb2 43. Rxh6 Qxe5 44. Rxb6 c4 45. Rc6 Qe1 46.
Rc8+ Kh7 47. Rc7 Kg7 48. g5 Qd1+ 49. Ke4 Qc1 50. g6 Qc2+ 51. Ke5 Qc3+ 52. Kf5
Qa5+ 0-1

[Event "Manhem Chessweek IM"]
[Site "Biblioteksgatan 2, Mölnlycke"]
[Date "2015.08.14"]
[Round "9.9"]
[White "Antonsen, Mikkel"]
[Black "Haubro, Martin"]
[Result "1-0"]
[WhiteElo "2475"]
[BlackElo "2369"]
[PlyCount "67"]
[EventDate "2015.08.08"]

1. d4 f5 2. Bg5 h6 3. Bh4 g5 4. e3 Nf6 5. Bg3 d6 6. h4 g4 7. h5 Be6 8. Ne2 Bf7
9. Nf4 Bg7 10. Nc3 O-O 11. Bd3 e6 12. e4 Re8 13. exf5 exf5+ 14. Nce2 Qd7 15. c3
c5 16. Qc2 Ne4 17. dxc5 dxc5 18. O-O-O Qc6 19. Bxe4 fxe4 20. Ng6 Qb5 21. Kb1
Nc6 22. Nc1 Na5 23. Ka1 Nc4 24. Rhe1 Rad8 25. Ne7+ Kf8 26. Ng6+ Kg8 27. Ne7+
Kf8 28. Nf5 Rxd1 29. Rxd1 Bxh5 30. Qe2 a6 31. Nxg7 Kxg7 32. b3 Nb6 33. c4 Qc6
34. Rd6 1-0

[Event "Manhem Chessweek IM"]
[Site "Biblioteksgatan 2, Mölnlycke"]
[Date "2015.08.14"]
[Round "9.10"]
[White "Lindgren, Philip"]
[Black "Braun, Christian"]
[Result "0-1"]
[WhiteElo "2401"]
[BlackElo "2420"]
[PlyCount "76"]
[EventDate "2015.08.08"]

1. d4 Nf6 2. c4 g6 3. Nf3 Bg7 4. Nc3 d5 5. Qb3 dxc4 6. Qxc4 O-O 7. e4 Nc6 8.
Be2 Bg4 9. Be3 Bxf3 10. gxf3 e5 11. d5 Nd4 12. O-O-O Ne8 13. Nb5 Nd6 14. Nxd6
cxd6 15. Kb1 Rc8 16. Qd3 Qh4 17. Rdg1 h5 18. Rg3 Qe7 19. Bxd4 exd4 20. f4 Rfe8
21. f3 Qh4 22. f5 Be5 23. Rg2 g5 24. f4 Bxf4 25. Qxd4 Be5 26. Qe3 Bf6 27. Bd3
Kf8 28. Rf1 Rc5 29. Rf3 Rec8 30. a3 Rc1+ 31. Ka2 Qe1 32. Qxe1 Rxe1 33. Rh3 h4
34. Rf3 Rcc1 35. h3 Rg1 36. Rg4 Rxg4 37. hxg4 Rg1 38. Bf1 Rxg4 0-1